Suspensions of perception : attention, spectacle, and modern culture
Αποθηκεύτηκε σε:
| Κύριος συγγραφέας: | |
|---|---|
| Μορφή: | Βιβλίο |
| Γλώσσα: | English |
| Δημοσίευση: |
Cambridge, Mass. :
MIT Press,
c1999.
|
| Έκδοση: | 2nd print. |
| Θέματα: | |
| Ετικέτες: |
Προσθήκη ετικέτας
Δεν υπάρχουν, Καταχωρήστε ετικέτα πρώτοι!
|
MARC
| LEADER | 00000cam a2200000 i 4500 | ||
|---|---|---|---|
| 001 | 1/18086 | ||
| 008 | 010307s1999 mau| ||| |||| ||eng|| | ||
| 020 | |a 0262032651 | ||
| 035 | |l 10066369 | ||
| 040 | |a GR-MyUa |b gre |e AACR2 | ||
| 041 | 0 | |a eng | |
| 082 | 7 | |a 153.7 |2 (22) | |
| 100 | 1 | |a Crary, Jonathan. | |
| 245 | 1 | 0 | |a Suspensions of perception : |b attention, spectacle, and modern culture / |c Jonathan Crary. |
| 250 | |a 2nd print. | ||
| 260 | |a Cambridge, Mass. : |b MIT Press, |c c1999. | ||
| 300 | |a x, 397 σ. : |b εικ. ; |c 24 εκ. | ||
| 504 | |a Περιλαμβάνει βιβλιογραφικές παραπομπές και ευρετήριο. | ||
| 650 | 0 | 0 | |a Selectivity (Psychology) |
| 650 | 0 | 0 | |a Perception. |
| 650 | 0 | 0 | |a Attention. |
| 650 | 0 | 0 | |a Subjectivity. |
| 852 | |a INST |b SYROS |e 20010920 |h 153.7 CRA |p 005500001218 |q 005500001218 |t BK |y 0 | ||
| 852 | |a INST |b SYROS |e 20010920 |h 153.7 CRA |p 005500001219 |q 005500001219 |t BK |y 0 | ||
| 852 | |a INST |b SYROS |e 20010307 |h 153.7 CRA |p 005500001334 |q 005500001334 |t BK |y 0 | ||
| 901 | |a BIBL5-2001-1 | ||
| 922 | |a 5ΕΛΗ |b 200102 |c ΓΡΑΦΙΚΩΝ ΤΕΧΝΩΝ |d ΜΙΧΑΛΟΠΟΥΛΟΣ | ||
| 922 | |a 5ΕΛΗ |b 200108 |c ΕΠΕΑΕΚ2/183 |d ΠΑΠΑΣΩΤΗΡΙΟΥ | ||
| 950 | |a 183-2000-12-09 | ||
| 970 | |a ΚΟΝΤΟΥ |b ΠΑΡΑΣΚΕΥΗ |z 2001/03/07 | ||